000 00512nam a22001697a 4500
999 _c5833
_d5833
003 OSt
005 20220623133754.0
008 220623b ||||| |||| 00| 0 eng d
020 _a9178709326
040 _cALUPE UNIVERSITY COLLEGE
050 _aRC661
_b.L56 1993
100 _aLindstrom, Torbjorn.
_d1993
245 _aInsulin treatment of patients with type 2 diabetes : risks and benefits.
260 _aSweden
_bLinköping University
_cc1993.
300 _a152p.;
_bill., figures.;
_c24cm
942 _2lcc
_cBK
_nWO